000 00512nam a2200205Ia 4500
003 OSt
005 20221018095753.0
008 210210b2003 xxu||||| |||| 00| 0 eng d
040 _cAL
041 _aEnglish
082 _a519.5 GUPF
100 _aGUPTA (S C) & KAPOOR (V K).
_959819
245 _aFundamentals of mathematical statistics
250 _a11
260 _aND
_bSultan Chand & Sons
_c2003
300 _a20.28
690 _aMathematical Statistics
_959820
906 _a059629
942 _2ddc
_cBK
999 _c106921
_d106921